Statistics for Countries with sumo wrestlers

Click here to take the quiz!

General Stats

  • This quiz has been taken 755 times
    (59 since last reset)
  • The average score is 10 of 19

Answer Stats

WrestlersSekitoriAnswer% Correct
+500*ChiyonofujiJapan
100%
3SokokuraiChina
98%
9*AkebonoUnited States
96%
1KasugaoSouth Korea
89%
6AranRussia
78%
1RikidozanNorth Korea
62%
3MitakeumiPhilippines
62%
+20*HakuhoMongolia
60%
4KaiseiBrazil
58%
1TochinohanaTaiwan
53%
1KinbozanKazakhstan
42%
1ShishiUkraine
40%
2HoshitangoArgentina
31%
2KotooshuBulgaria
25%
1NankairyuSamoa
25%
1OsunaarashiEgypt
22%
3TochinoshinGeorgia
22%
1TakanoyamaCzechia
15%
1BarutoEstonia
15%

Score Distribution

Percentile by Number Answered

Percent of People with Each Score

Your Score History

You have not taken this quiz since the last reset